Normal view
MARC view
- Muhammad Ahmad Raza Tahir
Entry Personal Name
001 - CONTROL NUMBER
- control field: 84237
003 - CONTROL NUMBER IDENTIFIER
- control field: NUST
005 - DATE AND TIME OF LATEST TRANSACTION
- control field: 20211116145717.0
008 - FIXED-LENGTH DATA ELEMENTS
- fixed length control field: 211116|| aca||aabn | a|a d
040 ## - CATALOGING SOURCE
- Original cataloging agency: NUST
- Transcribing agency: NUST
100 ## - HEADING--PERSONAL NAME
- Personal name: Muhammad Ahmad Raza Tahir
670 ## - SOURCE DATA FOUND
- Source citation: Work cat.: (NUST): Muhammad Ahmad Raza Tahir, TH-SOF-1852-Design of Capacitive Micro-Electro-Mechanical-Systems (MEMS) Accelerometer, Considering Residual Stress, Temperature Variations and Thermoelastic Damping, 2021.
